Die Pfefferkörner - 14. Generation - Statistiken

Allgemein
  • Dieses Quiz wurde 25 mal gespielt
  • Das Durchschnittsergebnis liegt bei 4 aus 6
Antwortstatistiken
Bildquiz Antwort % Korrekt
Jules Moreau
81%
Kofi
75%
Malin Olsson
69%
Taara Moreau
69%
Piet
63%
Bagel
44%
Keine übereinstimmenden Quizze gefunden
Verteilung der Resultate
Anzahl Personen mit jedem Resultat
Perzentil nach korrekt beantworteten Fragen
Ihre Resultats-Entwicklung
Sie haben dieses Quiz noch nicht gespielt